New York 1930 : architecture and urbanism between two world wars /

Bibliographic Details
Main Author: Stern, Robert A. M.
Other Authors: Gilmartin, Gregory, Mellins, Thomas
Format: Book
Language:English
Published: New York : Rizzoli, 1987.
Subjects:

MARC

Tag First Indicator Second Indicator Subfields
LEADER 00000cam a2200000 a 4500
001 in00000585113
005 20151014080952.0
008 860626s1987 nyua b 00110 eng
010 |a  86017662  
020 |a 0847806189 :  |c $75.00 
035 |a (OCoLC)13860977 
035 |9 ACP9718AM 
040 |a DLC  |c DLC  |d m/c  |d OCL  |d TXA  |d UtOrBLW 
043 |a n-us-ny 
049 |a TXAM  |c [A10100540] 
050 0 0 |a NA735.N5  |b S734 1987 
082 0 |a 720/.9747/1  |2 19 
100 1 |a Stern, Robert A. M. 
245 1 0 |a New York 1930 :  |b architecture and urbanism between two world wars /  |c Robert A.M. Stern, Gregory Gilmartin, Thomas Mellins ; assisted by David Fishman and Raymond W. Gastil. 
264 1 |a New York :  |b Rizzoli,  |c 1987. 
300 |a 847 pages :  |b illustrations ;  |c 29 cm. 
336 |a text  |b txt  |2 rdacontent 
337 |a unmediated  |b n  |2 rdamedia 
338 |a volume  |b nc  |2 rdacarrier 
500 |a Includes index. 
504 |a Bibliography: pages 760-830. 
650 0 |a Architecture  |z New York (State)  |z New York  |y 20th century. 
651 0 |a New York (N.Y.)  |x Buildings, structures, etc. 
700 1 |a Gilmartin, Gregory. 
700 1 |a Mellins, Thomas. 
999 |a MARS 
999 f f |s 589de866-beb7-30fd-9111-7b7fda60e949  |i 06c1e6fa-5c16-315d-94fa-3d00021920bc  |t 0 
952 f f |p normal  |a Texas A&M University  |b College Station  |c Sterling C. Evans Library  |d Evans: Library Stacks  |t 0  |e NA735.N5 S734 1987  |h Library of Congress classification  |i unmediated -- volume  |m A14810100540 
998 f f |a NA735.N5 S734 1987  |t 0  |l Evans: Library Stacks